书目信息 |
| 题名: |
Dreamweaver UltraDev网站开发综合应用
|
|
| 作者: | 刘涛 , 徐冉 编著 | |
| 分册: | ||
| 出版信息: | 北京 人民邮电出版社 2001.02 |
|
| 页数: | 377页 | |
| 开本: | 26cm | |
| 丛书名: | ||
| 单 册: | ||
| 中图分类: | TP393.092 | |
| 科图分类: | ||
| 主题词: | 计算机应用 | |
| 电子资源: | ||
| ISBN: | 7-115-09091-2 | |
| 000 | 00647nam0 2200205 45 | |
| 001 | 0259245802 | |
| 005 | 2002051716272543 | |
| 010 | @a7-115-09091-2@dRMB 40.00 | |
| 100 | @a20020517d2001 km y0chiy0120 ea | |
| 101 | 0 | @achi |
| 102 | @aCN@b110000 | |
| 200 | 1 | @aDreamweaver UltraDev网站开发综合应用@ADreamweaver UltraDev Wang Zhan Kai Fa Zong He Ying Yong@f刘涛,徐冉编著@Fliu tao,xu ran bian zhu |
| 210 | @a北京@c人民邮电出版社@d2001.02 | |
| 215 | @a377页@d26cm | |
| 606 | 0 | @a计算机应用 |
| 690 | @aTP393.092@v3 | |
| 701 | 0 | @a刘涛@Aliu tao@4编著 |
| 701 | 0 | @a徐冉@Axu ran@4编著 |
| 801 | 0 | @aCN@bPFT@c20020517 |
| 905 | @a安徽大学@dTP393.092@eL6861 | |
| Dreamweaver UltraDev网站开发综合应用/刘涛,徐冉编著.-北京:人民邮电出版社,2001.02 |
| 377页;26cm |
| ISBN 7-115-09091-2:RMB 40.00 |
| ● |
| 相关链接 |
|
|
|
正题名:Dreamweaver UltraDev网站开发综合应用
索取号:TP393.092/L6861
 
预约/预借
| 序号 | 登录号 | 条形码 | 馆藏地/架位号 | 状态 | 备注 |
| 1 | 354860 | 203548606 | 自科库301/301自科库 127排1列5层/ [索取号:TP393.092/L6861] | 在馆 | |
| 2 | 354861 | 203548615 | 自科库301/ [索取号:TP393.092/L6861] | 在馆 |